|
|
|
|
| LEADER |
00000nam a2200000 i 4500 |
| 001 |
1/30656 |
| 008 |
130531s2008 gre d |
| 020 |
|
|
|a 978-960-8065-64-2
|
| 035 |
|
|
|l 10114597
|
| 040 |
|
|
|a GR-MY-UA
|b gre
|e aacr
|
| 041 |
0 |
|
|a gre
|
| 082 |
0 |
|
|a 808.81
|2 (22)
|
| 100 |
1 |
|
|a Καρακίτσιος, Ανδρέας.
|
| 245 |
1 |
0 |
|a Ποίηση για παιδιά και νέους :
|b όψεις, αναθεωρήσεις και προοπτικές /
|c Καρακίτσιος Ανδρέας
|
| 260 |
|
|
|a Θεσσαλονίκη :
|b Ζυγός,
|c 2008
|
| 300 |
|
|
|a 343 σ.;
|c 21 εκ.
|
| 504 |
|
|
|a Βιβλιογραφία: σ. 333-343
|
| 650 |
0 |
0 |
|a Poetry.
|
| 650 |
0 |
0 |
|a Children's poetry.
|
| 650 |
0 |
0 |
|a Children's literature
|x History and criticism.
|
| 852 |
|
|
|a INST
|b RHODES
|c EUDOXUS
|e 20130531
|h 808.81 ΚΑΡ
|p 005400035292
|q 005400035292
|t EDX
|y 0
|
| 901 |
|
|
|a BIBL4-2013-2
|
| 909 |
|
|
|a Ρ
|b 176821
|
| 920 |
|
|
|a ΕΥΔΟΞΟΣ
|b ΠΑΡΑΓΓΕΛΙΑ
|y ΡΟΔΟΣ-ΠΤΔΕ
|z 2013-05
|
| 922 |
|
|
|a 4ΕΛΗ
|
| 970 |
|
|
|z 2013/05/31
|